| Tag |
First Indicator |
Second Indicator |
Subfields |
| LEADER |
00000nam a2200000Ia 4500 |
| 001 |
in00004242913 |
| 005 |
20200807092827.0 |
| 006 |
m g d |
| 007 |
cr bn |||a|bb| |
| 008 |
850308s1691 enk o 00| | eng d |
| 035 |
|
|
|a (OCoLC)11781955
|
| 040 |
|
|
|a EAA
|c EAA
|d m/c
|d WaOLN
|
| 037 |
|
|
|a CL0037000001
|b ProQuest Information and Learning. 300 N. Zeeb Rd., Ann Arbor, MI 48106
|
| 043 |
|
|
|a e-uk-en
|
| 045 |
0 |
|
|b d1691
|
| 049 |
|
|
|a UMIA
|
| 245 |
0 |
3 |
|a An Account of the araignment, tryal & conviction of James, Lord Preston, for high treason, in conspiring the death of the King and Queen, and endeavouring to bring in the late King James, and betray the nation to the French king :
|b at the Sessions-House in the Old-Baily, on Friday and Saturday the 16th and 17th instant, before the Lord Chief Justice, &c. : with the manner of the taking the Lord Preston, Mr. Ashton, Mr. Elliot, &c., and an account of the several treasonable papers and letters, that were found on ship-board : to which is added divers remarkable relations in the life of the said Lord Preston.
|
| 260 |
|
|
|a London :
|b Printed for T. Collins ...,
|c 1691.
|
| 300 |
|
|
|a 1 online resource ([1], 4, [1] pages)
|
| 336 |
|
|
|a text
|b txt
|2 rdacontent
|
| 337 |
|
|
|a computer
|b c
|2 rdamedia
|
| 338 |
|
|
|a online resource
|b cr
|2 rdacarrier
|
| 500 |
|
|
|a Caption title.
|
| 500 |
|
|
|a Imprint from colophon.
|
| 500 |
|
|
|a Reproduction of original in Bodleian Library.
|
| 510 |
4 |
|
|a Wing
|c A237
|
| 533 |
|
|
|a Electronic reproduction.
|b Ann Arbor, Mich. :
|c UMI,
|d 1999-
|f (Early English books online)
|n Digital version of: (Early English books, 1641-1700 ; 2:34)
|7 s1999 miun s
|
| 600 |
1 |
0 |
|a Preston, Richard Graham,
|c Viscount,
|d 1648-1695
|v Trials, litigation, etc.
|
| 600 |
1 |
0 |
|a Ashton, John,
|d d. 1691
|v Trials, litigation, etc.
|
| 650 |
|
0 |
|a Trials (Treason)
|z England.
|
| 651 |
|
0 |
|a Great Britain
|x History
|y William and Mary, 1689-1702.
|
| 830 |
|
0 |
|a Early English books online.
|
| 856 |
4 |
0 |
|u http://proxy.library.tamu.edu/login?url=https://search.proquest.com/docview/2240879031
|z Connect to the full text of this electronic book
|t 0
|
| 999 |
f |
f |
|s c38c2c08-5fbc-342d-a060-01bbf07e300a
|i e68793f2-b1f9-3463-9630-8ab9444ede77
|t 0
|
| 952 |
f |
f |
|a Texas A&M University
|b College Station
|c Electronic Resources
|d Available Online
|t 0
|h No information provided
|
| 998 |
f |
f |
|t 0
|l Available Online
|